Los defraudados
Gardado en:
| Autor Principal: | |
|---|---|
| Formato: | Libro |
| Idioma: | Lingua castelá |
| Publicado: |
Santiago
Zig Zag
1963
|
| Edición: | 1a. ed |
| Series: | Biblioteca de Novelistas
|
| Subjects: | |
| Tags: |
Engadir etiqueta
Sen Etiquetas, Sexa o primeiro en etiquetar este rexistro!
|
MARC
| LEADER | 00000nam a2200000 a 4500 | ||
|---|---|---|---|
| 001 | UCQ6602 | ||
| 003 | CL-VaPUC | ||
| 008 | 981016e19630000CL |||||||||||||||||spa|d | ||
| 082 | 0 | 4 | |a Ch863 |b REY |2 21 |
| 100 | 0 | |a Reyes, Salvador |e author |9 352822 | |
| 245 | 1 | 4 | |a Los defraudados |
| 246 | 1 | 3 | |a Lo que el tiempo deja |
| 250 | |a 1a. ed | ||
| 300 | |a 276 p | ||
| 942 | |c BK | ||
| 945 | |d 19981016 00:00:00 |a lriquelm | ||
| 260 | |a Santiago |b Zig Zag |c 1963 | ||
| 600 | 0 | 7 | |a PREMIO NACIONAL DE LITERATURA 1967 |2 CL-VaPUC |9 420481 |
| 650 | 0 | |a Literatura chilena |9 308278 | |
| 650 | 0 | |a Cuentos chilenos |9 308280 | |
| 583 | |a last modification |c 19981016 00:00:00 |k Rodrigo Vera | ||
| 490 | 0 | |a Biblioteca de Novelistas | |
| 999 | |c 276549 |d 276547 | ||
| 952 | |0 0 |1 0 |4 0 |6 CH_863_000000000000000_REY_1963 |7 0 |8 A |9 313834 |a BIBEDU |b BIBEDU |d 2019-11-20 |i 1483218 |o Ch863 REY 1963 |p 1483218 |r 2019-11-20 |w 2019-11-20 |y BK |k LIT | ||
| 952 | |0 0 |1 0 |4 0 |6 CH_863_000000000000000_REY_1963 |7 0 |8 X |9 313835 |a FDOBUD |b FDOBUD |d 2019-11-20 |i 1037005 |o Ch863 REY 1963 |p 1037005 |r 2019-11-20 |w 2019-11-20 |y BK_X |k BUD | ||